| 000 | 00758nam a22001577a 4500 | ||
|---|---|---|---|
| 003 | NUST | ||
| 005 | 20230209084825.0 | ||
| 008 | 230209b ||||| |||| 00| 0 eng d | ||
| 020 | _a9789693530704 | ||
| 082 | _a954.0317,HAQ | ||
| 245 |
_aQuranic Perspective of Conduct of War & a Way Forward for Pakistan / _cMian Zahoor Ul Haq |
||
| 260 |
_aLahore, Pakistan. _bSang-e-Meel Publications _cJul 2017 |
||
| 300 | _a 222.pages | ||
| 505 | _aIntroduction (Page-1), Statecraft (Page-7), Conduct of War (Page-29), Myths vis a vis truth (Page-57), Applicability of concept in 21st Century (Page-69), War in other religions (Page-95), Deviations and the silver lining (Page-121), The way forward (Page-153), Conclusion (Page-155). | ||
| 942 |
_2ddc _cBK _k954.0317,HAQ |
||
| 999 |
_c593164 _d593164 |
||